| 000 | 00425cam a2200181ua 4500 | ||
|---|---|---|---|
| 020 | _cRs 7.00 | ||
| 041 |
_ahin _h |
||
| 082 |
_a891.43 _bKSH/SA |
||
| 100 | _aKshemchandra, . | ||
| 245 |
_aSahitya vivechan / _cKshemchandra. _hTextual Documents |
||
| 250 |
_a3 / _b. |
||
| 260 |
_a : _bAtma ram & sons , _c1963. |
||
| 300 | _a340 ; . | ||
| 365 | _aRs 7.00 | ||
| 504 | _a | ||
| 942 | _cBK | ||
| 999 |
_c2582 _d2582 |
||